Seeking truth and hiding facts: information, ideology, and authoritarianism in China (Record no. 1227164)

MARC details
000 -LEADER
fixed length control field 00654nam a2200217Ia 4500
005 - DATE AND TIME OF LATEST TRANSACTION
control field 20241129110048.0
008 - FIXED-LENGTH DATA ELEMENTS--GENERAL INFORMATION
fixed length control field 241129s9999||||xx |||||||||||||| ||und||
020 ## - INTERNATIONAL STANDARD BOOK NUMBER
International Standard Book Number 978-0-19-762766-2
037 ## - SOURCE OF ACQUISITION
Stock number TB
040 ## - CATALOGING SOURCE
Original cataloging agency ARTS
Language of cataloging eng
Transcribing agency ARTS
041 ## - LANGUAGE CODE
Language code of text/sound track or separate title eng
Source of code eng
084 ## - COLON CLASSIFICATION NUMBER
Classification number V41 R3
Assigning agency ARTS
100 ## - MAIN ENTRY--PERSONAL NAME
Personal name Wallace Jeremy L. Au.
9 (RLIN) 727073
245 #0 - TITLE STATEMENT
Title Seeking truth and hiding facts: information, ideology, and authoritarianism in China
Statement of responsibility, etc. Wallace Jeremy L. Au.
260 ## - PUBLICATION, DISTRIBUTION, ETC.
Place of publication, distribution, etc. Oxford, USA
Name of publisher, distributor, etc. Oxford University Press
Date of publication, distribution, etc. 2022
300 ## - PHYSICAL DESCRIPTION
Extent x,273p.
365 ## - TRADE PRICE
Price type code INR
Price amount 995
650 ## - SUBJECT ADDED ENTRY--TOPICAL TERM
Topical term or geographic name entry element History-China
942 ## - ADDED ENTRY ELEMENTS (KOHA)
Koha item type Textbook
Classification part V41 R3
Holdings
Withdrawn status Lost status Damaged status Not for loan Home library Current library Date acquired Source of acquisition Cost, normal purchase price Inventory number Total Checkouts Full call number Barcode Date last seen Price effective from Koha item type
        Arts Library Arts Library 2024-11-29 Dhanraj Book House 995.00 2575 & 21/12/2023   V41 R3 AL1803197 2024-11-29 2024-11-29 Textbook
Copyright @ Delhi University Library System